Carillion on-track for success (Record no. 78077)
[ view plain ]
| 000 -LEADER | |
|---|---|
| fixed length control field | 01034cab a2200193 4500 |
| 001 - CONTROL NUMBER | |
| control field | ##L135954 |
| 008 - FIXED-LENGTH DATA ELEMENTS--GENERAL INFORMATION | |
| fixed length control field | 061219n2006 000 0 eng u |
| 035 ## - SYSTEM CONTROL NUMBER | |
| System control number | (Sirsi) u135954 |
| 041 0# - LANGUAGE CODE | |
| Language code of text/sound track or separate title | eng |
| 100 1# - MAIN ENTRY--PERSONAL NAME | |
| Personal name | McCormick, Helen |
| 245 00 - TITLE STATEMENT | |
| Title | Carillion on-track for success |
| 260 ## - PUBLICATION, DISTRIBUTION, ETC. | |
| Date of publication, distribution, etc. | 2006 |
| 490 #0 - SERIES STATEMENT | |
| Series statement | Contract Journal |
| Volume/sequential designation | 436(6605) 13 December 2006 |
| 520 ## - SUMMARY, ETC. | |
| Summary, etc. | Carillion topped the new work winners monthly league table for November 2006, with Laing O'Rourke in second place and Skanska in third. Balfour Beatty remained at the top of the new work winners table for the past 12 months. New orders dropped significantly in November 2006 compared with October 2006 and the total was also down on November 2005. The civils sector remained healthy, but public sector work nearly halved compared with October's figures. Includes tables giving breakdown of work by geographical region and sector for the last 12 months. |
| 590 ## - LOCAL NOTE (RLIN) | |
| Local note | KA |
| 651 #4 - SUBJECT ADDED ENTRY--GEOGRAPHIC NAME | |
| Geographic name | GREAT BRITAIN |
| 690 ## - LOCAL SUBJECT ADDED ENTRY--TOPICAL TERM (OCLC, RLIN) | |
| Topical term or geographic name as entry element | BUILT ENVIRONMENT-CONSTRUCTION MARKET |
| 942 ## - ADDED ENTRY ELEMENTS (KOHA) | |
| Suppress in OPAC | 0 |
| Withdrawn status | Lost status | Source of classification or shelving scheme | Damaged status | Not for loan | Home library | Current library | Shelving location | Date acquired | Total Checkouts | Full call number | Barcode | Date last seen | Copy number | Price effective from | Koha item type |
|---|---|---|---|---|---|---|---|---|---|---|---|---|---|---|---|
| Dewey Decimal Classification | London | London | Journal article | 19/12/2006 | L135954 | 135954-1001 | 06/08/2019 | 1 | 06/08/2019 | Journal article |